Como Estrellas - LA YounG - Estadísticas

Estadísticas generales
  • Esta prueba ha sido intentada 59 veces
  • La puntuación promedio es 409 de 494
Estadísticas de respuestas
Letra % Correcto
de
100%
dice
100%
lo
100%
Me
100%
me
100%
mi
100%
100%
Mi
100%
mí,
100%
mis
100%
mismo
100%
no,
100%
no
100%
que
100%
Que
100%
se
100%
100%
100%
100%
si
100%
Si
100%
siempre
100%
Y
100%
y
100%
a
91%
algún
91%
cansó
91%
cielo
91%
día
91%
en
91%
pero
91%
Pero
91%
quiere
91%
quizá
91%
sin
91%
soporta
91%
ver
91%
verme
91%
ya
91%
Ya
91%
yo
91%
Yo
91%
brillamos
82%
como
82%
corazón
82%
el
82%
eres
82%
Es
82%
es
82%
estrellas
82%
estrellas,
82%
haga
82%
la
82%
Luna
82%
Luna,
82%
nos
82%
poco
82%
ti
82%
82%
82%
vivir
82%
volverá
82%
volveremos
82%
cualquiera
73%
feliz
73%
haré
73%
has
73%
libre
73%
otro
73%
pa'
73%
quedes
73%
recordar
73%
regalando
73%
reina,
73%
sueños,
73%
también
73%
Te
73%
te
73%
un
73%
Un
73%
vaya
73%
voy,
73%
voy
73%
vuela
73%
vuelva
73%
aquí
64%
así
64%
canción
64%
cansado
64%
con
64%
cuando
64%
días
64%
Dios
64%
eso
64%
estás
64%
le
64%
los
64%
mejor
64%
pido
64%
rodillas
64%
sido
64%
siento
64%
solo
64%
tengo
64%
to'
64%
vuelvas
64%
arriba,
55%
aseguro
55%
aún
55%
bailármelo
55%
cantas
55%
da
55%
Digan
55%
digan
55%
encanta
55%
esa
55%
estamos
55%
esto
55%
falta
55%
fondo
55%
he
55%
igual
55%
liga
55%
llevarte
55%
loco
55%
manera
55%
mientras
55%
nosotros
55%
otra
55%
pides
55%
poder
55%
solita
55%
somos
55%
una
55%
vayas,
55%
vida
55%
viva
55%
vuelves
55%
cantando
45%
dos
45%
escrito
45%
estoy
45%
hasta
45%
porque
45%
quiero
45%
regalo
45%
sepas
45%
van
45%
amor
36%
Dedicada
36%
entender
36%
na'
36%
sabe'
36%
del
27%
invento
27%
producer
27%
delito,
18%
oh-oh
18%
Genio
9%
No se encontraron pruebas coincidentes
Distribución de puntuación
Porcentaje de gente con cada puntuación
Porcentaje por número respondido
Historial de tus puntuaciones
No has intentado esta prueba.